000 00701 a2200229 4500
003 sjdsd
005 20240304223730.0
008 240304b |||||||| |||| 00| 0 spa d
020 _a9780545572019
020 _a0545572010
040 _csjds
041 _aspa
100 1 _aNorwich, Grace
245 _a Soy Albert Einstein /
_cGrace Norwich (Author), Ute Simon (Illustrator), Eida de la Vega (Translator)
260 _aNew York, NY :
_bScholastic Inc.,
_c2013
300 _a112 pages :
_billustrations, map ;
_c20 cm
440 _a Soy (Scholastic Inc.)
521 _aAges 8-10. Grades 3-5.
700 1 0 _aSimon , Ute
_eIllustrator
700 1 0 _aVega, Eida de la
_eTranslator
942 _cBK
999 _c10610
_d10610